| 000 | 00959nam a2200301 4500 | ||
|---|---|---|---|
| 003 | EG-GICUC | ||
| 005 | 20260121101248.0 | ||
| 008 | 251119s1956 it ||||| |||| 00| 0 ita d | ||
| 040 |
_aEG-GiCUC _bita _cEG-GiCUC _dEG-GiCUC _eRda |
||
| 082 | 0 | 4 |
_221 _a341.1 _bQ U . D |
| 092 | 0 | 4 | _221 |
| 099 | _aLaw1 11 341.1 Q U . D 2 ed - 1956 | ||
| 100 | 1 |
_aQuadri, Rolando _eAuthor. |
|
| 245 | 1 | 0 |
_aDiritto internazionale pubblico / _cRolando Quadri |
| 250 |
_a2 ED _brielaborata ed ampliata. |
||
| 264 | 1 |
_aPalermo : _bPriulla, _c1956. |
|
| 300 |
_a568 page ; _c 24 cm. |
||
| 336 |
_2rda contenu _a texte |
||
| 337 |
_2rda medias _aOrdinateur |
||
| 338 |
_2 transporteur rda _a Ressource en ligne |
||
| 504 | _aIncludes Bibliography. | ||
| 546 | _aTexte en français | ||
| 650 | 1 |
_aDiritto internazionale pubblico _2qrmak |
|
| 651 | 1 | _2qrmak | |
| 856 | 4 | 0 | _uhttps://fll.law.cu.edu.eg/fulltext/bks/B11-06119.pdf |
| 905 |
_a75 _eYara |
||
| 942 |
_2ddc _n0 _cBK _e21 |
||
| 999 |
_c44825 _d44825 |
||